Linie Tramwajowe w Warszawie po Trasach - Statystyki

Ogólne statystyki
  • Ten quiz został rozwiązany 74 razy
  • Średni wynik to 16 z 25
Statystyki odpowiedzi
Trasa Linia % Poprawnych
Aleja Krakowska - Grójecka - Aleje Jerozolimskie - Aleja Waszyngtona - Grochowska 9
90%
Suwak - Marynarska - Wołoska - Rakowiecka - Aleja Niepodległości - Chałubińskiego - Aleja Jana Pawła II - Popiełuszki - Słowackiego - Marymoncka - Aleja Kuklińskiego - Trakt Nadwiślański - Światowida 17
89%
Nocznickiego - Wólczyńska - Broniewskiego - Aleja Jana Pawła II - Chałubińskiego - Aleja Niepodległości - Rakowiecka 33
87%
Puławska - Woronicza - Wołoska - Boboli - Rakowiecka - Aleja Niepodległości - Nowowiejska - Marszałkowska - Aleja ,, Solidarności " - 11 Listopada - Odrowąża - Matki Teresy z Kalkuty - Rembielińska - Annopol 4
84%
Aleja Krakowska - Grójecka - Aleje Jerozolimskie - Most Poniatowskiego - Aleja Księcia Józefa Poniatowskiego - Aleja Waszyngtona - Aleja Zieleniecka - Targowa - Kijowska - Kawęczyńska 7
84%
Nocznickiego - Wólczyńska - Aleja Reymonta - Powstańców Śląskich - Wolska - Aleja ,, Soidarności " - Targowa - Grochowska 26
82%
Wolska - Aleja ,, Solidarności " - Targowa - Kijowska - Kawęczyńska 13
81%
Banacha - Grójecka - Aleje Jerozolimskie - Most Poniatowskiego - Aleja Księcia Józefa Poniatowskiego - Aleja Waszyngtona - Aleja Zieleniecka - Targowa - 11 Listopada - Odrowąża - Matki Teresy z Kalkuty - Rembielińska - Annopol 25
81%
Banacha - Grójecka - Towarowa - Okopowa - Słomińskiego - Most Gdański - Starzyńskiego - Odrowąża - Matki Teresy z Kalkuty - Rembielińska - Annopol 1
79%
Aleja Generał Marii Wittek - Aleja Kuklińskiego - Trakt Nadwiślański - Światowida 2
77%
Górczewska - Powstańców Śląskich - Aleja Reymonta - Broniewskiego - Aleja Jana Pawła II - Słomińskiego - Most Gdański - Starzyńskiego - Jagiellońska - Ratuszowa - Targowa - Kijowska 28
76%
Grochowska - Zamoyskiego - Targowa - 11 Listopada - Odrowąża - Matki Teresy z Kalkuty - Rembielińska - Annopol 3
74%
Grochowska - Zamoyskiego - Targowa - Ratuszowa - Jagiellońska - Starzyńskiego - Most Gdański - Międzyparkowa - Andersa - Mickiewicza - Słowackiego - Marymoncka - Aleja Generał Marii Wittek 6
74%
Kaliskiego - Dywizjonu 303 - Obozowa - Młynarska - Aleja ,, Solidarności " - Targowa - Ratuszowa - Jagiellońska 20
69%
Grochowska - Aleja Jerzego Waszyngtona - Aleja Księcia Józefa Poniatowskiego - Most Poniatowskiego - Aleje Jerozolimskie - Towarowa - Aleja ,, Solidarności " - Młynarska - Obozowa - Dywizjonu 303 - Radiowa - Powstańców Śląskich 24
56%
Powstańców Śląskich - Radiowa - Dywizjonu 303 - Obozowa - Młynarska - Aleja ,, Solidarności " - Targowa - 11 Listopada - Stalowa - Środkowa - Wileńska - Czynszowa (Powrót: Czynszowa - Stalowa...) 23
55%
Marynarska - Wołoska - Woronicza - Puławska 31
52%
Aleja Krakowska - Grójecka - Plac Narutowicza - Filtrowa - Nowowiejska - Marszałkowska - Andersa - Mickiewicza 15
48%
Grochowska - Zamoyskiego - Targowa - Aleja ,, Solidarności " - Wolska - Połczyńska - Powstańców Śląskich - Aleja Reymonta - Wólczyńska - Nocznickiego - Aleja Generał Marii Wittek 26
48%
Grochowska - Zamoyskiego - Aleja Zieleniecka - Aleja Księcia Józefa Poniatowskiego - Most Poniatowskiego - Aleje Jerozolimskie - Towarowa - Okopowa - Aleja Jana Pawła II - Broniewskiego 22
44%
Puławska 75
42%
Banacha - Grójecka - Plac Narutowicza - Filtrowa - Nowowiejska - Marszałkowska - Andersa - Stawki - Aleja Jana Pawła II - Broniewskiego - Wólczyńska - Nocznickiego - Aleja Generał Marii Wittek 35
39%
Górczewska - Powstańców Śląskich - Wolska - Skierniewicka - Kasprzaka - Prosta - Aleja Jana Pawła II - Aleja ,, Solidarności " - Targowa - Ratuszowa - Jagiellońska 78
37%
Plac Narutowicza - Grójecka - Towarowa - Aleja ,, Solidarności " - Wolska - Połczyńska - Powstańców Śląskich - Aleja Władysława Reymonta - Wólczyńska - Nocznickiego - Aleja Generał Marii Wittek 11
31%
Plac Narutowicza - Filtrowa - Nowowiejska - Aleja Niepodległości - Chałubińskiego - Aleja Jana Pawła II - Stawki - Andersa - Mickiewicza - Słowackiego 36
24%
Nie znaleziono quizów pasujących do podanych kryteriów
Rozkład punktacji
Procent ludzi z każdym wynikiem
Percentyl według liczby udzielonych odpowiedzi
Twoja historia wyników
Nie rozwiązałeś tego quizu